| 000 | 00374nam a2200169Ia 4500 | ||
|---|---|---|---|
| 008 | 210210b1951 xxu||||| |||| 00| 0 eng d | ||
| 041 | _aeng | ||
| 082 | _a954/227 | ||
| 100 | _aMELLOR (A) | ||
| 245 | _aIndia since partition | ||
| 260 |
_aLondon _b- _c1951 |
||
| 650 | _asince | ||
| 650 | _apartition | ||
| 650 | _aIndia | ||
| 690 | _aIndian History | ||
| 906 | _a025984 | ||
| 999 |
_c151909 _d151909 |
||